|
|
|
|
| LEADER |
00000nam0a2200000 4500 |
| 001 |
121025 |
| 005 |
20231031125249.0 |
| 035 |
|
|
|a (RuTPU)RU\TPU\book\131047
|
| 090 |
|
|
|a 121025
|
| 100 |
|
|
|a 20070908d1969 km y0rusy50 ca
|
| 101 |
0 |
|
|a rus
|
| 102 |
|
|
|a RU
|
| 105 |
|
|
|a a z 001zy
|
| 200 |
1 |
|
|a Каротаж скважин на трубах
|e обзор зарубежной литературы
|f И. К. Саркисов, А. А. Молчанов, И. Г. Жувагин
|g Всероссийский научно-исследовательский институт организации, управления и экономики нефтегазовой промышленности (ОАО ВНИИОЭНГ)
|
| 210 |
|
|
|a Москва
|c ВНИИОЭНГ
|d 1969
|
| 215 |
|
|
|a 44 с.
|c ил.
|
| 225 |
1 |
|
|a Нефтегазовая геология и геофизика
|
| 300 |
|
|
|a Авт. указаны на обороте тит. л.
|
| 320 |
|
|
|a Библиогр.: с. 42-43.
|
| 610 |
1 |
|
|a геология
|
| 610 |
1 |
|
|a геологоразведочное бурение
|
| 610 |
1 |
|
|a геологоразведочные скважины
|
| 610 |
1 |
|
|a каротаж
|
| 610 |
1 |
|
|a зарубежный опыт
|
| 610 |
1 |
|
|a обзоры
|
| 675 |
|
|
|a 550.834
|v 3
|
| 700 |
|
1 |
|a Саркисов
|b И. К.
|
| 701 |
|
1 |
|a Молчанов
|b А. А.
|
| 701 |
|
1 |
|a Жувагин
|b И. Г.
|
| 712 |
0 |
2 |
|a Всероссийский научно-исследовательский институт организации, управления и экономики нефтегазовой промышленности (ОАО ВНИИОЭНГ)
|2 stltpush
|3 (RuTPU)RU\TPU\col\5641
|
| 801 |
|
1 |
|a RU
|b 63413507
|c 20070908
|g PSBO
|
| 801 |
|
2 |
|a RU
|b 63413507
|c 20080707
|g PSBO
|
| 942 |
|
|
|c BK
|